| 000 | 01200nam0a22002651 4500 | ||
|---|---|---|---|
| 001 | rc\960179 | ||
| 005 | 20250622060122.0 | ||
| 035 | _a(NLR Aleph) 006130529 | ||
| 090 |
_a5556679 _c5556679 |
||
| 100 | _a20041129d1982 |||y0rusy50 ca | ||
| 101 | 0 | _arus | |
| 102 | _aRU | ||
| 105 | _aa ||||||||| | ||
| 200 | 1 |
_aСтатистические модели динамики содержания пестицидов и их метаболитов в почвах _fЯ.А. Пачепский, Е.В. Мироненко, Р.В. Галиулин, М.С. Соколов |
|
| 210 |
_aПущино _cНЦБИ АН СССР _d1982 |
||
| 215 |
_a45 с. _cграф. _d22 |
||
| 225 | 1 |
_aМатериалы по математическому обеспечению ЭВМ _fАН СССР, Науч. центр биол. исслед. _iСерия "Экомодель" _vВып. 8 |
|
| 300 | _aВ надзаг.: Ин-т почвоведения и фотосинтеза | ||
| 320 | _aБиблиогр.: с. 43-44 (21 назв.) | ||
| 701 | 1 |
_aПачепский _bЯ.А. _gЯков Аронович |
|
| 801 | 0 |
_aRU _bNLR _gpsbo |
|
| 801 | 1 |
_aRU _bELAR _2rusmarc |
|
| 852 |
_aNLR _j83-6/1075 |
||
| 942 | _cBOOK | ||
| 980 | _aNB | ||